00465nam a2200193 a 4500001001300000003000900013005001700022008004100039020000800080082001700088100002200105245001200127260003300139300000900172500003500181505001700216650001600233700002200249nice12345678IN_TiNIC20260116012231.0050524s1960 dela grp 000 0 urd  ac200a891.41bMAK1 aMakhmoor, Sayeedi aGuftani aDelhibMaktaba-E-Hilalc1960 a144p aincludes index and biblioraphy2 aBibliography aUrdu-Poetry1 aMakhmoor, Sayeedi